| 000 | 00547nam a2200169Ia 4500 | ||
|---|---|---|---|
| 008 | 150610s9999 xx 000 0 und d | ||
| 020 | _a9780061144738 | ||
| 050 |
_aGV875.2 _b.W65 2007 |
||
| 100 | _aWong, Stephen | ||
| 245 |
_aBaseball treasures / _cby Stephen Wong; photographs by Susan Einstein. |
||
| 250 | _a1st ed. | ||
| 260 |
_aNew York : _bHarper Collins, _c2007. |
||
| 300 |
_a58pages : _bcol. illustrations ; _c26 cm. |
||
| 504 | _aIncludes index. | ||
| 520 | _aJuvenile literature. | ||
| 650 |
_aBaseball-History _xJuvenile literature. |
||
| 999 |
_c288044 _d288044 |
||